|
|
|
|
| LEADER |
01033nam a2200265 a 4500 |
| 001 |
18370322 |
| 008 |
091210s1988 nyua b 000 0 eng d |
| 020 |
|
|
|a 0195206495 (clothbound)
|
| 020 |
|
|
|a 0195206509 (paperback)
|
| 040 |
|
|
|a AEN
|c AEN
|d OCL
|d XTA
|d MBU
|d BD-DhAAL
|
| 082 |
0 |
0 |
|a 338.9
|2 19
|
| 245 |
0 |
0 |
|a World development report 1988.
|
| 260 |
|
|
|a New York ;
|a Oxford :
|b Published for the World Bank, Oxford University Press,
|c 1988.
|
| 300 |
|
|
|a xii, 307 p. :
|b ill. (some col.) ;
|c 27 cm.
|
| 504 |
|
|
|a Bibliography: p. 306-307.
|
| 541 |
1 |
|
|e 00003290
|
| 650 |
|
0 |
|a Economic development.
|
| 650 |
1 |
2 |
|a Financing, Government.
|
| 650 |
1 |
2 |
|a Developing Countries.
|
| 650 |
1 |
2 |
|a Economics
|x trends.
|
| 651 |
|
0 |
|a Developing countries.
|
| 710 |
2 |
|
|a World Bank
|
| 852 |
4 |
|
|a Ayesha Abed Library
|j General shelf
|
| 999 |
|
|
|c 6144
|d 6144
|
| 952 |
|
|
|0 0
|1 0
|2 ddc
|4 0
|6 338_900000000000000_WOR_1988
|7 0
|9 6140
|a BRACUL
|b BRACUL
|c GEN
|d 2009-12-15
|g 0.00
|l 0
|o 338.9 WOR
|p 3010003290
|r 2009-12-15
|t 1
|w 2009-12-15
|y BK
|x No price found in the accession register.
|